New Company Law 2013/ (Record no. 1309852)

MARC details
000 -LEADER
fixed length control field 00602nam a22002057a 4500
005 - DATE AND TIME OF LATEST TRANSACTION
control field 20250430161253.0
008 - FIXED-LENGTH DATA ELEMENTS--GENERAL INFORMATION
fixed length control field 250430b |||||||| |||| 00| 0 eng d
037 ## - SOURCE OF ACQUISITION
Terms of availability TB
040 ## - CATALOGING SOURCE
Original cataloging agency LCT
Transcribing agency LCt
041 ## - LANGUAGE CODE
Source of code eng
Language code of text/sound track or separate title eng
Language code of original eng
084 ## - COLON CLASSIFICATION NUMBER
Classification number Z,181 Q14
100 ## - MAIN ENTRY--PERSONAL NAME
Personal name Paranjape, N. V.
9 (RLIN) 753601
245 ## - TITLE STATEMENT
Title New Company Law 2013/
250 ## - EDITION STATEMENT
Edition statement 6th ed.
260 ## - PUBLICATION, DISTRIBUTION, ETC.
Place of publication, distribution, etc. Prayagraj, Uttar Pradesh:
Name of publisher, distributor, etc. Central Law Agency,
Date of publication, distribution, etc. 2014
300 ## - PHYSICAL DESCRIPTION
Extent xlix, 633p.
650 ## - SUBJECT ADDED ENTRY--TOPICAL TERM
Topical term or geographic name entry element Company Law, 2013
9 (RLIN) 753602
650 ## - SUBJECT ADDED ENTRY--TOPICAL TERM
Topical term or geographic name entry element Companies (Amendment) Act
9 (RLIN) 753603
942 ## - ADDED ENTRY ELEMENTS (KOHA)
Source of classification or shelving scheme Colon Classification (CC)
Koha item type Textbook
Classification part Z,181 Q14
Suppress in OPAC No
Holdings
Withdrawn status Lost status Source of classification or shelving scheme Damaged status Not for loan Collection Home library Current library Date acquired Source of acquisition Cost, normal purchase price Inventory number Total Checkouts Full call number Barcode Date last seen Price effective from Koha item type
    Colon Classification (CC)     Non-fiction Law Centre-II Library Law Centre-II Library 2025-04-30 Singhal Publication 460.00 3430/07.11.2014   Z,181 Q14 LT0025073 2025-04-30 2025-04-30 Textbook
Copyright @ Delhi University Library System